| 000 | 01143nam a2200301 4500 | ||
|---|---|---|---|
| 003 | EG-GICUC | ||
| 005 | 20260404135927.0 | ||
| 008 | 260404s1973 sz ||||fr|||| 000 0 eng d | ||
| 040 |
_aEG-GiCUC _beng _cEG-GiCUC _dEG-GiCUC _erda |
||
| 041 |
_aeng _heng |
||
| 082 | 0 | 4 |
_221 _a341.65 _bIN.X |
| 092 | 0 | 4 | _221 |
| 099 | _aLaw 11 341.65 IN.X 1973 | ||
| 110 |
_a International Committee of the Red Cross _eAuthor. |
||
| 245 | 1 | 3 |
_aXXIInd International Conference Of The Red Cross Teheran, November 1973 : _bSummary Report Of Activities From 1969 To 1972 Item 3 A Of The Provisional Agenda Of The General Commission / _cBy International Committee of the Red Cross. |
| 264 | 1 |
_aGeneva : _b International Committee of the Red Cross , _c1973. |
|
| 300 |
_a22 pages , _c24 cm |
||
| 336 |
_2rda content _atext |
||
| 337 |
_2rda media _aComputer |
||
| 338 |
_2rda carrier _aOnline Resource |
||
| 546 | _aText in English | ||
| 650 | 1 | _aPublic international law | |
| 650 | 1 | _aInternational Committee of the Red Cross | |
| 651 | 1 | _2qrmak | |
| 856 | 4 | 0 | _uhttps://fll.law.cu.edu.eg/fulltext/bks/B11-05732.pdf |
| 905 | _a60 | ||
| 942 |
_2ddc _n0 _cBK _e21 |
||
| 999 |
_c68574 _d68574 |
||